Statistiques concernant Pays les plus présents à la Coupe du Monde de football

Cliquez ici pour prendre le quiz!

Statistiques générales

  • Ce quiz a été pris 4 894 fois
  • Le résultat moyen est 12 sur 14

Statistiques - réponses

ParticipationsMeilleure performancePays% Correct
20ChampionBrésil
100%
14ChampionFrance
100%
18ChampionAllemagne
99%
16ChampionArgentine
98%
18ChampionItalie
98%
14ChampionEspagne
97%
14ChampionAngleterre
94%
12ChampionUruguay
91%
10FinalistePays-Bas
86%
12QuatrièmeBelgique
80%
15Quart de finaleMexique
70%
10TroisièmeEtats-Unis
65%
11FinalisteSuède
65%
10Quart de finaleSuisse
57%

Distribution des résultats

Percentile par nombre de réponses

% des personnes avec chaque résultat

Votre développement - résultats

Vous n’avez pas pris ce quiz